| 000 | 00603nam a2200193 a 4500 | ||
|---|---|---|---|
| 005 | 20140412111413.0 | ||
| 008 | 070221s19uu xx 00 eng d | ||
| 020 | _a0-375-83386-2 | ||
| 050 |
_aTR(PS E _bWe53 2005 |
||
| 100 | _aDr. Seuss | ||
| 245 |
_aWet pet, dry pet, your pet, my pet! / _cDr. Seuss. |
||
| 260 |
_aNew york : _bRandom house, _c2005. |
||
| 440 | _aDr. Seuss nursery collection | ||
| 500 | _aBase on and inspired by Dr. Seuss's one fish two fish red fish blue fish | ||
| 650 | _aPets-fiction | ||
| 650 | _aToys and movable books | ||
| 650 | _aChildren stories | ||
| 999 |
_c105734 _d105734 |
||